000 00944nam a22002891 4500
001 33943
003 BD-RjUL
005 20211209052101.0
008 170104s1967 nyu b 000 0 eng d
035 _a(BD-RjUL)34035
035 _a(OCoLC)8773217
040 _aDLC
_cMBU
_dUk
_dDLC
_dBD-RjUL
_beng
041 _aeng
082 _a303.38
_bCHV 1967
100 1 _aChristenson, Reo Millard,
_d1918-
_9103154
245 1 0 _aVoice of the people :
_breadings in public opinion and propaganda /
_cReo M. Christenson and Robert O. McWilliams.
250 _a2nd ed.
260 _aNew York :
_bMcGraw-Hill,
_c1967.
300 _avii, 632 p. ;
_c23 cm.
504 _aBibliographical footnotes.
650 0 _aPublic opinion.
_9103156
650 0 _aPropaganda.
_9103157
700 1 _aMcWilliams, Robert Owen,
_d1921-
_ejoint comp.
_9103158
942 _2ddc
_cBK
999 _c33943
_d33943